<?xml version="1.0" encoding="UTF-8"?>
<record
    xmlns:xsi="http://www.w3.org/2001/XMLSchema-instance"
    xsi:schemaLocation="http://www.loc.gov/MARC21/slim http://www.loc.gov/standards/marcxml/schema/MARC21slim.xsd"
    xmlns="http://www.loc.gov/MARC21/slim">

  <leader>01945    a2200277   4500</leader>
  <controlfield tag="003">NALT</controlfield>
  <controlfield tag="005">20250725110013.0</controlfield>
  <controlfield tag="008">250613b        th ||||| |||| 00| 0 tha d</controlfield>
  <datafield tag="020" ind1=" " ind2=" ">
    <subfield code="a">9786162627774</subfield>
  </datafield>
  <datafield tag="040" ind1=" " ind2=" ">
    <subfield code="a">NALT</subfield>
  </datafield>
  <datafield tag="050" ind1=" " ind2=" ">
    <subfield code="a">QA 76.9.I52</subfield>
    <subfield code="b">&#xE0A;149&#xE27; 2566</subfield>
  </datafield>
  <datafield tag="100" ind1="0" ind2=" ">
    <subfield code="a">&#xE0A;&#xE19;&#xE32;&#xE20;&#xE32; &#xE2B;&#xE31;&#xE19;&#xE08;&#xE32;&#xE07;&#xE2A;&#xE34;&#xE17;&#xE18;&#xE34;&#xE4C;.</subfield>
    <subfield code="9">66083</subfield>
  </datafield>
  <datafield tag="245" ind1="1" ind2="0">
    <subfield code="a">&#xE27;&#xE34;&#xE40;&#xE04;&#xE23;&#xE32;&#xE30;&#xE2B;&#xE4C;&#xE02;&#xE49;&#xE2D;&#xE21;&#xE39;&#xE25;&#xE41;&#xE25;&#xE30;&#xE41;&#xE2A;&#xE14;&#xE07;&#xE1C;&#xE25;&#xE41;&#xE1A;&#xE1A; Visualization Power BI Workshop /</subfield>
    <subfield code="c">&#xE0A;&#xE19;&#xE32;&#xE20;&#xE32; &#xE2B;&#xE31;&#xE19;&#xE08;&#xE32;&#xE07;&#xE2A;&#xE34;&#xE17;&#xE18;&#xE34;&#xE4C;.</subfield>
  </datafield>
  <datafield tag="250" ind1=" " ind2=" ">
    <subfield code="a">&#xE1E;&#xE34;&#xE21;&#xE1E;&#xE4C;&#xE04;&#xE23;&#xE31;&#xE49;&#xE07;&#xE17;&#xE35;&#xE48; 1.</subfield>
  </datafield>
  <datafield tag="260" ind1=" " ind2=" ">
    <subfield code="a">&#xE01;&#xE23;&#xE38;&#xE07;&#xE40;&#xE17;&#xE1E;&#xE2F; :</subfield>
    <subfield code="b">&#xE23;&#xE35;&#xE44;&#xE27;&#xE27;&#xE48;&#xE32;,</subfield>
    <subfield code="c">2566.</subfield>
  </datafield>
  <datafield tag="300" ind1=" " ind2=" ">
    <subfield code="a">196 &#xE2B;&#xE19;&#xE49;&#xE32; :</subfield>
    <subfield code="b">&#xE20;&#xE32;&#xE1E;&#xE1B;&#xE23;&#xE30;&#xE01;&#xE2D;&#xE1A; ;</subfield>
    <subfield code="c">21 &#xE0B;&#xE21;.</subfield>
  </datafield>
  <datafield tag="505" ind1="2" ind2=" ">
    <subfield code="a">Chapter 01 &#xE17;&#xE33;&#xE04;&#xE27;&#xE32;&#xE21;&#xE23;&#xE39;&#xE49;&#xE08;&#xE31;&#xE01; Power BI -- Chapter 02 &#xE2A;&#xE23;&#xE49;&#xE32;&#xE07;&#xE23;&#xE32;&#xE22;&#xE07;&#xE32;&#xE19;&#xE27;&#xE34;&#xE40;&#xE04;&#xE23;&#xE32;&#xE30;&#xE2B;&#xE4C;&#xE01;&#xE32;&#xE23;&#xE02;&#xE32;&#xE22; -- Chapter 03 &#xE2A;&#xE23;&#xE49;&#xE32;&#xE07;&#xE23;&#xE32;&#xE22;&#xE07;&#xE32;&#xE19;&#xE01;&#xE32;&#xE23;&#xE02;&#xE32;&#xE22;&#xE23;&#xE32;&#xE22;&#xE27;&#xE31;&#xE19; -- Chapter 04 &#xE2A;&#xE23;&#xE49;&#xE32;&#xE07;&#xE23;&#xE32;&#xE22;&#xE07;&#xE32;&#xE19;&#xE2A;&#xE23;&#xE38;&#xE1B;&#xE22;&#xE2D;&#xE14;&#xE02;&#xE32;&#xE22;&#xE14;&#xE49;&#xE27;&#xE22;&#xE41;&#xE1C;&#xE19;&#xE20;&#xE39;&#xE21;&#xE34;&#xE41;&#xE25;&#xE30;&#xE41;&#xE1C;&#xE19;&#xE17;&#xE35;&#xE48; -- Chapter 05 &#xE2A;&#xE23;&#xE49;&#xE32;&#xE07;&#xE41;&#xE1C;&#xE19;&#xE17;&#xE35;&#xE48;&#xE02;&#xE2D;&#xE07;&#xE41;&#xE15;&#xE48;&#xE25;&#xE30;&#xE08;&#xE31;&#xE07;&#xE2B;&#xE27;&#xE31;&#xE14;&#xE43;&#xE19;&#xE1B;&#xE23;&#xE30;&#xE40;&#xE17;&#xE28;&#xE44;&#xE17;&#xE22; -- Chapter 06 &#xE08;&#xE31;&#xE14;&#xE27;&#xE32;&#xE07;&#xE23;&#xE32;&#xE22;&#xE07;&#xE32;&#xE19;&#xE43;&#xE2B;&#xE49;&#xE41;&#xE2A;&#xE14;&#xE07;&#xE1A;&#xE19;&#xE21;&#xE37;&#xE2D;&#xE16;&#xE37;&#xE2D; -- Chapter 07 &#xE04;&#xE35;&#xE22;&#xE4C;&#xE25;&#xE31;&#xE14; Power BI Desktop -- Chapter 08 &#xE2D;&#xE20;&#xE34;&#xE18;&#xE32;&#xE19;&#xE28;&#xE31;&#xE1E;&#xE17;&#xE4C;&#xE17;&#xE35;&#xE48;&#xE04;&#xE27;&#xE23;&#xE23;&#xE39;&#xE49; &#xE43;&#xE19; Power BI.</subfield>
  </datafield>
  <datafield tag="650" ind1=" " ind2="4">
    <subfield code="a">&#xE01;&#xE32;&#xE23;&#xE2A;&#xE23;&#xE49;&#xE32;&#xE07;&#xE21;&#xE42;&#xE19;&#xE20;&#xE32;&#xE1E;&#xE2A;&#xE32;&#xE23;&#xE2A;&#xE19;&#xE40;&#xE17;&#xE28;</subfield>
    <subfield code="9">36928</subfield>
  </datafield>
  <datafield tag="653" ind1=" " ind2="4">
    <subfield code="a">&#xE17;&#xE31;&#xE28;&#xE19;&#xE2A;&#xE32;&#xE23;&#xE2A;&#xE19;&#xE40;&#xE17;&#xE28;</subfield>
  </datafield>
  <datafield tag="653" ind1=" " ind2="4">
    <subfield code="a">&#xE44;&#xE21;&#xE42;&#xE04;&#xE23;&#xE0B;&#xE2D;&#xE1F;&#xE15;&#xE4C; &#xE40;&#xE1E;&#xE32;&#xE40;&#xE27;&#xE2D;&#xE23;&#xE4C; &#xE1A;&#xE35;&#xE44;&#xE2D;</subfield>
  </datafield>
  <datafield tag="942" ind1=" " ind2=" ">
    <subfield code="c">GB</subfield>
    <subfield code="2">lcc</subfield>
  </datafield>
  <datafield tag="996" ind1=" " ind2=" ">
    <subfield code="a">jidapa.t</subfield>
    <subfield code="b">ACQSTF</subfield>
    <subfield code="c">2025-06-13</subfield>
  </datafield>
  <datafield tag="996" ind1=" " ind2=" ">
    <subfield code="a">varee.k</subfield>
    <subfield code="b">LIBSTF</subfield>
    <subfield code="c">2025-06-18</subfield>
  </datafield>
  <datafield tag="996" ind1=" " ind2=" ">
    <subfield code="a">saiphon.d</subfield>
    <subfield code="b">CATSTF	</subfield>
    <subfield code="c">2025-07-01</subfield>
  </datafield>
  <datafield tag="999" ind1=" " ind2=" ">
    <subfield code="c">106842</subfield>
    <subfield code="d">106842</subfield>
  </datafield>
  <datafield tag="998" ind1=" " ind2=" ">
    <subfield code="j">8</subfield>
    <subfield code="k"> &#xE19;&#xE32;&#xE22;&#xE1A;&#xE31;&#xE13;&#xE11;&#xE34;&#xE15;  &#xE2D;&#xE38;&#xE17;&#xE32;&#xE27;&#xE07;&#xE04;&#xE4C;</subfield>
  </datafield>
  <datafield tag="952" ind1=" " ind2=" ">
    <subfield code="0">0</subfield>
    <subfield code="1">0</subfield>
    <subfield code="2">lcc</subfield>
    <subfield code="4">0</subfield>
    <subfield code="7">0</subfield>
    <subfield code="8">CGBL</subfield>
    <subfield code="a">NALT</subfield>
    <subfield code="b">NALT</subfield>
    <subfield code="c">GEN</subfield>
    <subfield code="d">2025-06-05</subfield>
    <subfield code="e">192</subfield>
    <subfield code="l">1</subfield>
    <subfield code="m">1</subfield>
    <subfield code="o">QA 76.9.I52 &#xE0A;149&#xE27; 2566</subfield>
    <subfield code="p">3961215378</subfield>
    <subfield code="r">2025-08-07 00:00:00</subfield>
    <subfield code="s">2025-07-25</subfield>
    <subfield code="w">2025-06-05</subfield>
    <subfield code="y">GB</subfield>
  </datafield>
</record>
